[Event "Monarch Assurance 08th"]
[Site "Port Erin"]
[Date "1999.11.09"]
[Round "4"]
[White "Ward, Christopher"]
[Black "Shneider, Aleksandr"]
[Result "1-0"]
[WhiteElo "2473"]
[BlackElo "2551"]
[Annotator "Gershon,A"]
[PlyCount "82"]
[EventDate "1999.11.06"]
[EventType "swiss"]
[EventRounds "9"]
[EventCountry "IOM"]
[SourceTitle "CBM 074"]
[Source "ChessBase"]
[SourceDate "2000.02.01"]
[SourceVersion "1"]
[SourceVersionDate "2000.02.01"]
[SourceQuality "1"]

1. d4 Nf6 2. Bg5 d5 3. Bxf6 exf6 4. e3 f5 {I this position black has a pair of
bishops while white will try to attack the weak pawn on d5, and if black
decides to take on 'c4' white will have a strong center.If taking into
consideration that the position is a closed one, it seems to me that white's
chances here are better than black's.} (4... Bd6 5. c4 dxc4 6. Bxc4 O-O 7. Nc3
c6 8. Qf3 f5 9. Nge2 Qh4 10. Bb3 Be6 11. O-O-O Nd7 12. g3 Qh6 13. h4 Rad8 14.
Bc2 Qf6 15. Kb1 Bb4 16. h5 Rfe8 17. a3 Ba5 18. Qf4 Bxc3 19. Nxc3 Nb6 20. h6 g5
21. Ne4 Ba2+ 22. Kxa2 Rxe4 23. Qf3 g4 24. Qe2 Qe6+ 25. Ka1 $16 {1-0 Piket,
J-Gurevich,I/Biel 1993/CBM 37 (40)}) (4... c6 5. Nf3 (5. c4 Bb4+ 6. Nc3 O-O 7.
Qb3 Qe7 8. cxd5 cxd5 9. Bd3 Rd8 10. Nge2 Nc6 11. O-O Be6 12. a3 Bd6 13. Nb5 Bb8
14. Rac1 a6 15. Nbc3 Na5 16. Qc2 g6 17. g3 Nc4 18. Rfe1 b5 19. a4 Qb4 20. b3
Na3 21. Qb2 Bd6 $4 22. Na2 Qa5 23. b4 Qxa4 24. Nec3 {1-0 Manor,I-Averbakh,Y/
ICC Moscow-Tel Aviv 1998/CBM 64 ext (24)}) 5... Bg4 6. c4 Bb4+ 7. Nc3 dxc4 8.
Bxc4 O-O 9. h3 Bxf3 $6 (9... Be6) 10. Qxf3 Qa5 11. Rc1 Nd7 12. O-O Bxc3 13.
Rxc3 Rae8 14. Ra3 $16 {1-0 Gretarsson,H-Gudmundsson,S/Icelandic Teams,
Reykjavic ICL 1999 (41)}) 5. Bd3 (5. Nf3 Qd6 6. Nbd2 Be6 7. Bd3 Nd7 8. O-O g6
9. c4 Bg7 10. c5 Qe7 11. b4 O-O 12. a3 Nf6 13. Nb3 Ne4 14. Qc2 Rae8 15. Na5 Bc8
16. Qb3 Qd8 17. Rfc1 g5 18. Ra2 c6 19. Qa4 $14 {0-1 Hering,F-Kalks,T/Germany
1994/EXT 99 (74)}) 5... Bd6 (5... g6 6. Qf3 c6 7. Ne2 Bd6 8. h3 Qe7 9. b3 O-O
10. c4 dxc4 11. bxc4 Nd7 12. O-O Nf6 13. Nbc3 $14 {0-1 Laszlo,J-Tolnai,T/
HUN-chT 1993/TD (25)}) 6. Nf3 O-O 7. O-O g6 8. Nbd2 (8. c4 {is a bit premature}
dxc4 (8... c6 9. cxd5 cxd5 10. Nc3 $16 {[%cal Gd1b3] The knight is placed
better here (than on d2) in the sense of attacking the 'd5' pawn}) 9. Bxc4 c5
$11) 8... Nd7 9. c4 c6 (9... dxc4 10. Nxc4 Be7 11. Qc2 $14 {[%cal Gf1d1,Ga1c1]}
) 10. cxd5 cxd5 11. Qb3 Nf6 12. Ne5 (12. Nb1 {[%cal Gb1c3]} Ne4 13. Rc1 Re8 14.
Nc3 Nxc3 15. Rxc3 f4 16. exf4 Bxf4 17. g3 Bh6 $11 {[%csl Gc1]}) 12... Qe7 (
12... Bxe5 13. dxe5 Ne4 14. Rad1 (14. Bxe4 dxe4 15. Rfd1 $11) 14... Nc5 15. Qc2
$16 {[%csl Gd5]}) 13. Ndf3 Be6 14. Rfc1 Ne4 (14... Nd7 15. Rc2 (15. Qxb7 $4
Nxe5 16. Qxe7 Nxf3+ $19) 15... Bxe5 16. dxe5 Nc5 17. Qa3 b6 18. Nd4 $16) 15.
Bf1 g5 16. Rc2 f4 $2 {There was no reason to weaken the position like this} (
16... g4 $142 17. Ne1 Bxe5 18. dxe5 d4 19. Qd3 dxe3 20. Qxe3 f6 $132) 17. exf4
gxf4 18. Ne1 f6 19. N5d3 Rac8 20. f3 Ng5 21. Nc5 Rxc5 $6 {Trying to get some
unclear game for the exchange, but now, in addition to a bad position black is
also down in material.} (21... Bxc5 22. dxc5 Rxc5 23. Qa3 Rc7 (23... b6 24. Nd3
Rc7 25. Rxc7 Qxc7 26. Rc1 $16 {[%csl Ga7,Gd5,Gf4,Gf6]}) 24. Qxa7 Rxc2 25. Nxc2
$16) 22. dxc5 Bxc5+ 23. Kh1 Be3 24. Rd1 Nf7 (24... d4 25. Bc4 $18) 25. Nd3 d4
26. Qb5 b6 27. Nb4 {[%cal Gb4c6,Yc6e7,Yc6d4]} Nd6 28. Qh5 Nf5 29. Bc4 Bxc4 30.
Rxc4 {With the exchange of the white squared bishops black pieces are now
hanging, which makes it only a matter of time before he will be forced to
resign.} Qe5 31. Qg4+ Kh8 32. Nd3 Qb5 33. b3 Rg8 34. Qh3 Qd5 35. Rc2 Rg6 {
[%cal Gg6h6,Gf5g3]} 36. Nf2 (36. Rc8+ $142 Rg8 (36... Kg7 37. Rc7+ Kf8 38. Qxh7
$18) 37. Rxg8+ Kxg8 38. Qg4+ Kh8 39. Nxf4 $18) 36... Rh6 37. Qg4 Ng3+ 38. Kg1
f5 39. Qg5 $2 $138 (39. Rc8+ $142) 39... Rg6 40. Qh4 d3 41. Rxd3 Ne2+ (41...
Ne2+ 42. Kf1 $18) 1-0

[Event "EU-Cup 08th semifinal"]
[Site "Tel Aviv"]
[Date "1992.??.??"]
[Round "4.2"]
[White "Gofshtein, Leonid D"]
[Black "Huebner, Robert"]
[Result "1/2-1/2"]
[WhiteElo "2485"]
[BlackElo "2615"]
[Annotator "Gofshtein,L"]
[PlyCount "97"]
[EventDate "1992.??.??"]
[EventType "team-match"]
[EventRounds "2"]
[EventCountry "ISR"]
[SourceTitle "EXT 2020"]
[Source "ChessBase"]
[SourceDate "2019.10.17"]
[SourceVersion "1"]
[SourceVersionDate "2019.10.17"]
[SourceQuality "1"]
[WhiteTeam "Tel-Aviv Hapoel"]
[BlackTeam "Muenchen Bayern"]
[WhiteTeamCountry "ISR"]
[BlackTeamCountry "GER"]

1. d4 d5 2. Bg5 Nf6 3. e3 c6 4. Bd3 Qb6 5. Qc1 {N} (5. Nd2 Qxb2 6. Ngf3 g6 (
6... Nbd7 {- 32/452}) 7. O-O $44) 5... g6 6. Nf3 (6. Bxf6 $5 exf6 7. h4 h5 8.
c4 $14) 6... Bg7 7. O-O Bf5 8. Bxf5 gxf5 9. c4 Nbd7 10. Nc3 e6 11. Qc2 O-O 12.
Rab1 dxc4 $2 (12... Ne4 $10) 13. b3 $1 Qa6 $6 (13... cxb3 14. Rxb3 Qc7 15. e4
fxe4 16. Nxe4 $44) 14. bxc4 b6 (14... Qxc4 15. Nd2 $1 {/\ e4->} (15. Rxb7 $6 c5
$10)) 15. Nd2 Qb7 16. Rfd1 $6 (16. e4 $5 fxe4 17. Ncxe4 Nxe4 18. Qxe4 $16)
16... Qc7 $6 (16... c5 $5 17. d5 Ne5 18. e4 fxe4 19. Bxf6 Bxf6 20. Ncxe4 Qe7
$14) 17. Bf4 Qd8 18. e4 fxe4 19. Ndxe4 Nxe4 20. Nxe4 $16 Qh4 21. Bd6 Rfd8 22.
c5 $1 (22. Rb3 $6 f5 $1) 22... Nf6 (22... f5 23. Ng3 Bxd4 24. Nxf5 $1 Bxf2+ (
24... exf5 25. Qc4+ $18) 25. Qxf2 Qxf2+ 26. Kxf2 exf5 27. Bc7 $18) (22... Nf8
23. Rb3 Ng6 24. Rh3 Qg4 25. Rg3 Qh5 26. Rg5 Qh6 27. Rd3 $18) 23. Nxf6+ Qxf6 24.
Rb3 bxc5 25. dxc5 Qg6 26. Qe2 Kh8 27. g3 Qf5 28. Rb7 e5 29. Re1 Re8 30. Qe4 $1
Qxe4 31. Rxe4 Kg8 32. Rc7 Rec8 33. Rxc8+ Rxc8 {R 9/k} 34. Ra4 $18 a6 (34... Bf8
35. Rg4+) (34... Ra8 35. Ra6) 35. Rxa6 Bf8 36. Kg2 $6 (36. a4 Bxd6 37. cxd6 c5
38. d7 Rd8 39. Ra7 c4 40. Kf1 Kf8 41. a5 Ke7 42. a6) 36... f6 37. Ra7 $6 (37.
a4 Bxd6 38. cxd6 Kf7 39. d7 Rd8 40. Rxc6 Rxd7 41. Rc2) 37... Bxd6 38. cxd6 Rd8
39. d7 Kf7 40. Rc7 $2 (40. Kf3 Ke7 41. Ke3 Rb8 (41... Rxd7 42. Rxd7+ Kxd7 43.
Kd3 Kd6 44. Kc4) 42. a4 Rb3+ 43. Ke4 Rb2 44. a5 Rxf2 45. a6 Ra2 46. Ra8 Kxd7
47. a7 Kc7 48. Rh8 Ra4+ (48... Kb7 49. Rxh7+ Ka8 50. h4) (48... Rxa7 49. Rxh7+
Kb8 50. Rxa7 Kxa7 51. h4 c5 52. h5 c4 53. h6 c3 54. Kd3) 49. Kf5 Rxa7 50. Rxh7+
Kb6 51. Rxa7 Kxa7 52. h4 c5 53. h5 c4 54. Ke4 f5+ 55. Ke3) 40... Ke7 41. Rxc6
Rxd7 42. Rc2 $2 (42. Ra6 $16) 42... Ra7 43. Kf3 Ke6 44. Ke2 h5 45. Kd3 Kf5 46.
h3 h4 47. gxh4 Ra3+ $10 48. Kc4 e4 49. Kb4 1/2-1/2

[Event "Gonen Memorial"]
[Site "Beersheba"]
[Date "2002.02.23"]
[Round "5"]
[White "Maryasin, Boris Feliksovich"]
[Black "Golod, Vitali"]
[Result "0-1"]
[WhiteElo "2398"]
[BlackElo "2516"]
[Annotator "Golod,V"]
[PlyCount "92"]
[EventDate "2002.02.21"]
[EventType "swiss"]
[EventRounds "5"]
[EventCountry "ISR"]
[SourceTitle "CBM 088"]
[Source "ChessBase"]
[SourceDate "2002.03.21"]
[SourceVersion "1"]
[SourceVersionDate "2002.03.21"]
[SourceQuality "1"]

{[%mdl 2] This was the last game in this tournament.We shared second place
with many other players (3 point of 4 games) and it was clear,that I need only
win.} 1. d4 d5 {I do not want to allow my contender to play defence" Veresov" 
(1..Nf6 2.Nc3),but nevertheless:} 2. Nc3 Bf5 3. Bg5 h6 $5 {From my point of
view,this move is always useful in this position.} (3... c6 4. Qd2 Nd7 5. f3 {
[%cal Ge2e4] See comments to Reprintsev,A-Grigoriants,S/Moscow,1999/CBM 70(1-0)
(Avrukh,B)(49)}) 4. Bh4 c6 {[%csl Rb2][%cal Gd8b6]} 5. e3 Qb6 6. Rb1 Nd7 ({
Also,it is possible to play,at first:} 6... e6 7. Bd3 $140 Be7 8. Bxf5 exf5 9.
Bg3 Nf6 10. Nge2 Nbd7 11. Nf4 O-O 12. O-O Rfe8 $11 {Brandner,S-Baumegger,S/
Mureck, 2001(0-1)(42),but I wanted to keep an opportunity to play in one move
"e5".}) 7. Bd3 Bxd3 ({Also deserves attention:} 7... e6 $5 8. Nf3 (8. Bxf5 exf5
$11 {[%cal Gg8f6]}) 8... Ngf6 9. O-O a5 10. Bxf5 exf5 11. Bxf6 Nxf6 12. Qd3 g6
13. b3 Bg7 14. Na4 Qd8 $11 {Khachaturov,A-Gaspariants,G/Moscow,1968(1-0)(42)})
8. cxd3 {[%mdl 16]} ({Worse is:} 8. Qxd3 {even in view of:} e5) 8... e6 ({
And nevertheless,it was dubiously now:} 8... e5 {becouse of:} 9. Nf3 exd4 10.
exd4 {[%csl Re8][%cal Gd1e2]}) 9. Nf3 (9. f4 $6 c5 $36 {[%csl Rd4,Re3]}) 9...
Be7 $5 ({Senselessly:} 9... Ne7 {[%cal Ge7f5] /\Nf5 because of:} 10. e4 $14 {
[%csl Ye4,Re7]} (10. O-O $6 Nf5 11. Qc2 Bd6 12. b4 a6 13. Na4 Qc7 {=/=/+
Kiefer,D-Murany,K/Sargenroth,1998 (0-1)(63)})) (9... a5 $5 {[%csl Ya5][%cal
Ya5b4]}) 10. O-O $146 {Boris provokes me on active actions.} ({Were checked in
the preceding games:} 10. Bxe7 Nxe7 11. O-O (11. b4 $142) 11... O-O (11... a5
$142) 12. b4 Nf5 13. Na4 Qd8 14. Qc2 Qe7 15. Rfc1 Rfc8 16. Nc5 {+/=/= Berkes,
F-Gasthofer,A/Litohoto,1999 (1/2-1/2)(41)}) ({and} 10. Bg3 $6 Ngf6 {[%csl Rg3]
[%cal Gf6h5]} 11. O-O O-O (11... Nh5 $5) 12. b4 a5 13. b5 c5 $6 (13... a4 $13 {
[%cal Gb6a5]}) 14. Na4 Qd8 15. b6 $14 {Sell,A-Giehring,S/Germany,1997 (1-0)(28)
}) 10... g5 $5 $132 {I accept a call.} ({Conducts to an approximately equal
position:} 10... Bxh4 11. Nxh4 Ngf6) 11. Bg3 h5 {[%csl Rg3][%cal Gh5h4]} 12. h4
({Much worse is:} 12. h3 Nh6 $1 {[%csl Rg3][%cal Gh6f5]} 13. e4 $140 $2 g4 {
[%csl Rd4]}) 12... g4 13. Ne5 $1 {[%mdl 64]} Nxe5 {Besides,black has two
principales moves:} (13... Qd8 $6 {[%csl Rh4]} 14. Nxd7 Kxd7 15. Qb3 $36 {
[%csl Rb7]}) ({and} 13... Nf8 $5 {[%csl Re5][%cal Gf7f6]} 14. f3 $140 f6 15.
fxg4 fxe5 16. Bxe5 Rh7 17. gxh5 {[%cal Gd1g4]} Nd7 18. Qg4 O-O-O 19. Qxe6 $13)
14. Bxe5 Rh7 {[%csl Yh7][%cal Yh7a7]} 15. b4 $5 {Boris Maryasin is well known
as a strong tactical player and he begins the favourite game!} ({Also deserves
attention:} 15. g3 $5 {[%csl Yg3][%cal Yg3h4]}) 15... a6 {[%csl Ya6,Yc6][%cal
Yc6b5,Ya6b5] It is necessary to cause the pawn on point "a4".} (15... Bxh4 $6
16. b5 $36 {׫}) 16. a4 $6 (16. g3 $142 {/\a4|^<<}) 16... Bxh4 17. b5 Ne7 18.
bxa6 $6 (18. bxc6 $142 Qxc6 19. Rc1 $44 {[%csl Rc6]}) 18... Qxa6 {Now sole
weakness in my position- pawn "b7".} 19. Qb3 f6 20. Bf4 Nf5 $6 {[%csl Rb7,Rd3,
Yh7][%cal Yh7b7]} ({It was much better:} 20... Ng6 {[%csl Rb7][%cal Yh7b7] /
\f5 /^d8-h4 =/+}) 21. Qc2 {White prepare a translation of rooks on <->b.} Rg7
22. Rb4 g3 $132 23. f3 Bg5 {[%csl Re3][%cal Gf5e3]} 24. Bxg5 fxg5 25. Rfb1 Rd8
$5 {[%csl Rd4,Gd8]} ({Is a possible continuation of the play:} 25... Kf8 $5 {
/\Re8,Qa8-d8,g4 and Qh4.}) (25... Nxe3 $2 {is refuted by:} 26. Qe2 $16 {
[%csl Re3,Re6]}) 26. Qd2 Rdd7 {[%csl Rb7,Yd7,Yg7]} 27. Ne2 $6 {[%csl Rd4,Ye2]
[%cal Ye2d4,Ge3e4]} ({It was very interestingly:} 27. e4 Nxd4 $140 28. exd5 $1
(28. Rxd4 $2 Qa7 {[%csl Rd4]} 29. Ne2 e5 30. exd5 exd4 $17) 28... Qa7 {[%csl
Ga7,Rg1]} 29. Kh1 $13) 27... Qa5 $1 {[%csl Ga5,Rd2]} 28. Qc1 ({Weakly:} 28. e4
{in view of:} dxe4 29. dxe4 $140 c5 $1 {[%csl Rd2][%cal Gc5b4]} (29... Nxd4
$143 30. Nxd4 c5 (30... e5 31. Qa2 $132 {[%csl Re8]}) 31. Nxe6 $1 Rxd2 32.
Nxg7+ $132 {[%csl Re8,Rg7]}) 30. exf5 cxb4 31. fxe6 Rd6 $17) 28... g4 {[%csl
Rg1][%cal Ga5d8,Gd8h4] Is created the concrete threat of translation Q on the
king side.} 29. fxg4 ({Now absolutely bad:} 29. e4 {because of:} gxf3 30. gxf3
Qd8 $1 {[%csl Rg1]} 31. exf5 Qh4 $19 {[%csl Rg1]}) (29. Rxb7 $4 Rxb7 30. Qxc6+
Kd8 $19 {[%csl Yb1,Re1,Rg1][%cal Yb1e1]}) 29... hxg4 30. e4 ({Can be
recommended:} 30. Qe1 $5 Rh7 31. Nxg3 $140 Qc7 $40 {[%csl Rg1]}) 30... dxe4 31.
Qf4 $6 (31. dxe4 $142 Nxd4 $1 32. Rxd4 (32. Nxd4 Qh5 $17 {[%csl Rg1]}) 32...
Rxd4 33. Nxd4 Qh5 {[%csl Rg1][%cal Gg7f7]} 34. Qe3 Qh2+ 35. Kf1 Rf7+ 36. Ke2
Qxg2+ 37. Kd3 Qa2 38. Rc1 e5 $1 $40 {[%csl Rd3]}) 31... exd3 32. Nxg3 $140 Qc7
$1 {I force white to exchange the queens and I proceed in the endgame with big
advantage!} 33. Qxc7 $8 Rxc7 $17 34. Ne4 $5 (34. Nxf5 $143 exf5 35. Rd1 Rcd7 (
35... Kd7 $5 36. Rxd3 Kd6 $17) 36. Rxd3 Kd8 $17 {[%cal Gd7d5]}) 34... g3 {
[%csl Rg1]} (34... Rgf7 $5) 35. Rd1 e5 $5 {The most responsible and difficult
move in a game.} (35... Rg6 $5 36. Rxd3 Rh7 $17 {[%csl Rg1]} 37. Nc5 $140 $6 {
[%csl Rb7]} (37. Kf1 $142 $17) 37... Rgh6 38. Kf1 Rh1+ 39. Ke2 Rg1 {[%csl Rg2]}
) 36. dxe5 c5 {[%csl Yc5,Gd3][%cal Gc5c4]} 37. Nf6+ (37. Rc4 $2 Ne3 {[%csl Rc4,
Rd1]}) 37... Kf7 38. Rb6 $2 {Decisive mistake.} ({More stubborn resistance
after:} 38. Rf4 Nd4 (38... Ke6 $6 39. Rxd3 Kxe5 40. Rdf3 Kxf6 41. Rxf5+ Ke6)
39. Nh5+ (39. Nd5+ $143 Ke6 40. Nxc7+ Rxc7 {[%csl Gc5,Gd3,Rf4][%cal Gd4e2]} 41.
Rh4 (41. Rxd4 $2 cxd4 $19 42. Rxd3 $140 $2 Rc1+) 41... Ne2+ 42. Kf1 c4 $19 {
[%csl Gc4,Gd3]}) 39... Ke6 40. Nxg7+ Rxg7 {[%csl Gd4,Rf4,Rg1][%cal Gd4e2]} 41.
Rxd4 cxd4 42. Rxd3 Kxe5 43. Kf1 Kd5 44. Ke2 Kc4 $17 {[%csl Ra4][%cal Gg7g6,
Gg6a6]}) 38... c4 $19 {[%csl Gc4,Gd3] Now my o^o^ pawns quickly decide a game.}
39. Nd5 Rc6 40. Rxb7+ Ke6 41. Rb5 Nd4 42. Nf4+ (42. Ra5 $144 Ne2+ 43. Kf1 c3
$19 {[%cal Gc3c2]}) 42... Kf5 43. Rd5 Kxf4 44. Rxd4+ Ke3 $1 {This move a
little better,than: 44...Kxe5.} 45. Rd8 Rh6 {[%csl Rg1][%cal Gg7h7]} 46. Rf1
Rgh7 {[%csl Rg1][%cal Gh6h1]} (46... Rgh7 47. Rf3+ (47. Re1+ Kd2 {[%csl Rg1]
[%cal Gh6h1]}) 47... Ke2 {[%csl Ye2,Rg1][%cal Gh6h1] In a result I have
divided 1-4 places with: Roiz,M; Mikhalevski,V and Tseitlin,M.}) 0-1

[Event "Nuremberg LGA Cup 8th"]
[Site "Nuremberg"]
[Date "2011.09.09"]
[Round "2"]
[White "Baramidze, David"]
[Black "Zwahr, Paul"]
[Result "1-0"]
[WhiteElo "2595"]
[BlackElo "2323"]
[Annotator "Gutman,L"]
[PlyCount "41"]
[EventDate "2011.09.08"]
[EventType "swiss"]
[EventRounds "7"]
[EventCountry "GER"]
[SourceTitle "CBM 144 Extra"]
[Source "ChessBase"]
[SourceDate "2011.10.28"]
[SourceVersion "1"]
[SourceVersionDate "2011.10.28"]
[SourceQuality "1"]

1. Nf3 Nf6 2. d4 g6 3. Nc3 d5 4. Bf4 c6 5. e3 Bg7 (5... Bg4 6. Be2 Bxf3 7. Bxf3
Bg7 {wird von Palliser favorisiert, "d-Pawn Attacks", Everyman Chess 2008.}) 6.
Be2 Bg4 7. Ne5 Bxe2 8. Qxe2 Nbd7 9. h4 Qa5 ({In Stefanova-McShane, London 1997,
folgte} 9... Ne4 10. Nxe4 Nxe5 11. Nd2 Nd7 {wonach} 12. O-O-O $14 {Weiß etwas
mehr vom Spiel versprach.}) ({Besser gefällt mir} 9... Nh5 $5 10. Bh2 ({Oder} 
10. O-O-O Nxf4 11. exf4 h5 $11 {Beikert-Banikas, Französische Liga 2002}) 10...
Bxe5 11. dxe5 Ng7 $11 {mit Ausgleich.}) 10. O-O-O ({Nach} 10. f3 {ist 10...}
Nh5 {sogar stärker, wie} 11. Bh2 Bxe5 12. dxe5 Ng7 13. O-O-O Nb6 14. e4 {
Izeta Txabarri-Berg, Debrecen 1992} {14...} O-O-O $15 {zeigt.}) 10... Ne4 $2 ({
Notwendig war} 10... Nh5 $5 {mit Gegenspiel,} 11. Nxd7 ({Oder} 11. Kb1 Bxe5)
11... Nxf4 12. exf4 Kxd7) 11. Nxe4 dxe4 12. Nxd7 Kxd7 13. Kb1 Rad8 14. h5 Kc8
15. c4 Qf5 16. g4 Qa5 17. h6 Bf8 18. d5 e6 19. dxc6 Rxd1+ $2 ({Etwas
hartnäckiger wäre} 19... bxc6 20. Rxd8+ Qxd8 21. Rd1 Qa5 22. Qc2 $16) 20. Qxd1
bxc6 21. Qd4 1-0

[Event "Dresden ZMD op-A 21st"]
[Site "Dresden"]
[Date "2012.08.23"]
[Round "6"]
[White "Hertneck, Gerald"]
[Black "Ganguly, Surya Shekhar"]
[Result "1-0"]
[WhiteElo "2482"]
[BlackElo "2495"]
[Annotator "Gutman,L"]
[PlyCount "43"]
[EventDate "2012.08.18"]
[EventType "swiss"]
[EventRounds "9"]
[EventCountry "GER"]
[SourceTitle "EXT 2014"]
[Source "ChessBase"]
[SourceDate "2013.11.20"]
[SourceVersion "1"]
[SourceVersionDate "2013.11.20"]
[SourceQuality "1"]

1. d4 Nf6 2. Bg5 d5 3. e3 c6 4. Bd3 h6 5. Bh4 ({Weiß verzichtet auf} 5. Bxf6
exf6 6. Nf3 Qb6 7. Qc1 Be7 8. O-O O-O $11 {mit etwa gleichen Chancen.}) 5...
Qb6 6. b3 Nbd7 7. Nf3 g5 ({Genügend Gegenspiel verspricht} 7... e5 $5 8. Bxf6
gxf6 9. Bf5 Qc7) 8. Bg3 Nh5 9. Be5 Nxe5 ({Nach} 9... f6 10. Bg3 Nxg3 11. hxg3
e5 12. Bf5 {gefällt die weiße Stellung etwas besser.}) 10. Nxe5 Nf6 11. O-O Nd7
$2 ({Zu provokativ gespielt. Bessere Kontrolle versprach} 11... Bg7 12. c4 c5
13. Nc3 cxd4 14. Na4 Qc7 15. exd4 Nd7 16. cxd5 Nxe5 17. dxe5 Bxe5 18. Rc1 Qd6
19. Qh5 O-O $11) 12. f4 gxf4 $2 ({Aber dies geht schon zu weit.Notwendig war} 
12... Nxe5 13. fxe5 Be6 14. c4 {mit Vorteil für Weiß.}) 13. Nxf7 $1 Kxf7 14.
Qh5+ Ke6 15. c4 Rg8 $4 ({Das kleinere Übel wäre} 15... dxc4 16. bxc4 Qb2 17. c5
Nxc5 18. Qf5+ Kd6 19. Qxf4+ Kd7 20. dxc5 Qf6 21. Qb4 $16 {gewesen.}) 16. Qf5+
Kd6 17. Qxf4+ e5 18. c5+ Nxc5 19. Qxe5+ Kd7 20. Rf7+ Kd8 21. Qf6+ Ke8 22. Bg6
1-0

[Event "Lippstadt 9th"]
[Site "Lippstadt"]
[Date "1999.08.01"]
[Round "10"]
[White "Slobodjan, Roman"]
[Black "McShane, Luke J"]
[Result "1-0"]
[WhiteElo "2550"]
[BlackElo "2467"]
[Annotator "Hansen,Cu"]
[PlyCount "103"]
[EventDate "1999.07.22"]
[EventType "tourn"]
[EventRounds "11"]
[EventCountry "GER"]
[EventCategory "8"]
[SourceTitle "CBM 072"]
[Source "ChessBase"]
[SourceDate "1999.10.01"]
[SourceVersion "1"]
[SourceVersionDate "1999.10.01"]
[SourceQuality "1"]

1. d4 Nf6 2. g3 d5 3. Bg2 c5 4. dxc5 e5 5. Bg5 Bxc5 6. Nc3 Bxf2+ 7. Kxf2 Ng4+
8. Ke1 Qxg5 9. Nxd5 O-O 10. Nf3 Qd8 11. h3 Nf6 12. Nxe5 Nc6 13. Nxc6 bxc6 14.
Nxf6+ Qxf6 15. Qd3 Qxb2 16. Kf2 Be6 17. Rhb1 Qe5 18. Qe3 Qf5+ 19. Qf3 Qc5+ 20.
Qe3 Qxc2 21. Rc1 Qb2 22. Qc3 Qb6+ 23. Qc5 Rfc8 24. a4 Qd8 25. Rab1 Bd5 26. e4
Ba2 27. Rb7 Rab8 28. Rxb8 Rxb8 29. Kg1 Qc7 30. Qxc6 Qxc6 31. Rxc6 Kf8 32. a5
Rb1+ 33. Kh2 Rb7 34. a6 Rd7 35. h4 Ke7 36. Bh3 Be6 37. Bxe6 fxe6 38. Kh3 Rd6
39. Rc7+ Rd7 40. Rb7 Kd6 41. Rb8 {[%csl Ga6] The important thing in this
position is whites P on a6. It could be strong and it could be weak. What both
players would have to realise though is that whites R and a6-P keeps blacks R
and K occupied because of the possibility Rb7. That would of course change if
black could play his K to f6 and play Rd7-d6. For the moment though white has
in a way a extra piece - his K} Rc7 $6 (41... h5 $1 {[%csl Rh3] Restricting
whites K, but also moving a P away from the seventh rank, and thereby making a
future Rb8-b7 less strong. It seems this move makes it possible for black to
keep the balance.} 42. Rh8 (42. Kg2 {[%cal Yg2f3,Yf3f4,Yf4g5]} Rc7 (42... Rf7
43. Rh8 $14) 43. Kf3 e5 $11 {Again restricting whites K} 44. Rh8 Rc3+ 45. Kf2
Rc2+ 46. Kg1 Ra2 47. Rxh5 Ke6 $1 $11) 42... Ke5 (42... Ke7 43. Rxh5 Rd6 44. Ra5
$16 {[%cal Yh3g4,Yg4g5,Yg4f4]}) (42... g6 43. Rg8) 43. Rxh5+ Kxe4 44. Kg4 e5
45. Rh7 $1 {[%cal Yh4h5,Yh5h6]} Kd5 $1 {[%cal Yd5e6,Ye5e4]} (45... Kd3 46. h5
e4 47. h6 e3 48. hxg7 $18) 46. h5 (46. Kf5 $2 g6+ $19) (46. Kg5 e4) 46... Ke6
47. Kg5 Rf7 48. Rh8 e4) 42. Kg4 Ke5 $2 (42... Rc6 43. Rh8 $1 (43. Rb7 Rc7 $1 (
43... Rxa6 44. Rxg7 $16)) (43. h5 Rc7 {and it is unclear how white can improve
his postion now that Rb5-h5 is no longer possible.} (43... Rxa6 44. Rb7) 44.
Rh8 h6 {Here it would be much better for white to have the h-P on h4, since
then he could play Kg4-h5-g6}) 43... h6 44. Rg8 Rxa6 (44... Rc7 45. Rb8 {
[%cal Yg4h5,Yh5g6]}) 45. Rxg7 $16) 43. Rb5+ Kd6 (43... Kxe4 44. Rb7 $16) 44.
Rh5 $1 {Very well played. Whites K could not do anything on the K-side,
because the Ps on g7 and h7 covered all the important squares. The textmove
forces black to weaken his K-side} g6 (44... h6 45. Rb5 {[%cal Yg4h5,Yh5g6]}
Kc6 46. Rb8 $16) 45. Rb5 {[%cal Yg4g5,Yg5h6]} Rc6 46. e5+ $18 Kd7 47. Rb7+ Rc7
48. Rxc7+ Kxc7 49. Kg5 Kc6 50. Kf6 Kd5 51. g4 h6 52. g5 1-0